Harry Potter: l'Occlumancie - Statistiques

Statistiques générales
  • Ce quiz a été pris 36 fois
  • Le résultat moyen est 8 sur 15
Statistiques - réponses
Information Réponses % Correct
Occlumens connu Severus Rogue
100%
Occlumens connu Albus Dumbledore
88%
Dernière apparition Harry Potter et les Reliques de la Mort
88%
Première apparition Harry Potter et l'Ordre du Phénix
84%
Occlumens connu Tom Jedusor
84%
Professeur Severus Rogue
69%
Professeure Bellatrix Lestrange
53%
Occlumens connue Bellatrix Lestrange
53%
Occlumens connu Drago Malefoy
47%
Occlumens connu Horace Slughorn
34%
Occlumens connue Narcissa Malefoy
34%
Occlumens connu Remus Lupin
31%
Occlumens connu Barty Croupton Jr
19%
Occlumens connu Gellert Grindelwald
19%
Occlumens connu Maxwell Barnett
9%
Aucun quiz correspondant
Distribution des résultats
% des personnes avec chaque résultat
Percentile par nombre de réponses
Votre historique - résultats
Vous n’avez pas pris ce quiz